Top 15 Smallest Land Countries By Population - Statistics

General Stats
  • This quiz has been taken 24 times
  • The average score is 11 of 15
Answer Stats
# Answer % Correct
2 san marino
100%
1 vatican city
100%
5 Andorra
95%
3 Liechtenstein
91%
8 Luxembourg
91%
4 Monaco
91%
10 Bhutan
68%
12 Djibouti
64%
13 Eswatini
64%
9 Montenegro
59%
7 Suriname
59%
6 Belize
55%
11 Guyana
55%
15 Estonia
50%
14 East Timor
32%
No matching quizzes found
Score Distribution
Percent of People with Each Score
Percentile by Number Answered
Your Score History
You have not taken this quiz